| 000 | 003980000a22001570004500 | ||
|---|---|---|---|
| 003 | LK-CoMWRAF | ||
| 008 | 230817t ||||| |||| 00| 0 eng d | ||
| 040 |
_aLK-CoMWRAF _dLK-CoMWRAF _eLK-CoMWRAF |
||
| 041 | _aeng | ||
| 082 |
_a150 _bRAH |
||
| 100 | _aRahman, Afzalur | ||
| 245 |
_aIslam _bIdeology and the way of Life |
||
| 260 |
_bSeerah Foundation _aLondon _c1980 |
||
| 300 | _ap.409 | ||
| 942 | _cBK | ||
| 999 |
_c1062 _d1062 |
||